000 00438nam a2200169Ia 4500
008 230718s9999 xx 000 0 und d
020 _a9788131764510
041 _aeng
082 _a005.1'4
_bGUP
100 _aGupta R.
_9108128
245 _aTest Automation And QTP
260 _c2012
_bPearson
300 _a650
365 _cRs.
_b650.00
700 _aGupta R.
_9108128
906 _dO:0309017-Oct-2012B:4729224-Sep-2012
_cCOMP
_b143
999 _c331486
_d331486